00807nam a22002177a 450000500170000001000150001702000270003203500140005903700130007308200160008624501040010226000600020627000620026630000240032850000190035270000170037170000210038894200300040999900190043995201310045820170531155136.0 aENG-118493 a9789383930081c1695.00 aEN-102025 bDBAD/PUB a320.5320954 aNaxalism in India :cedited by Sanjay Kumar [and] M. Samir Hussainbpresent and future challenges / aNew DelhibG.B. Books Publishers and Distributorsc2015 a4832/24, S-204 Prahlad Lane Ansari Road, New Delhi-110002 axii,234pc23cm.(Hb) aIncludes index aSanjay Kumar aM. Samir Hussain 2ddccENh320.5320954mNAX c140620d140620 001040718NFICaDBADbBNd2017-05-31eDBAD/PUB.g1695.00l0o320.5320954 NAXpEN-102025r2017-05-31 00:00:00t1v1695.00yEN